000
00248nam a2200109 a 4500
001
4140
005
20140414131917.0
008
090218s19uu xx 00 eng d
050
_a
ER
_b
L72
245
_a
Little bear paints the world.
999
_c
111559
_d
111559